| 000 | 01021nas a2200253 4500 | ||
|---|---|---|---|
| 001 | BR8803378 | ||
| 003 | BR-BrBNA | ||
| 005 | 20231205091152.0 | ||
| 007 | ta | ||
| 008 | 230509b bl.|||p| |||| 00| 00por d | ||
| 040 |
_aBR-BrBNA _bpor _cBiblioteca Nacional de Agricultura |
||
| 041 | _a(Pt) | ||
| 072 | _aL53 | ||
| 100 | 1 | _aEsteves, M. das G.V. | |
| 100 | 1 | _aSantos, J.A. dos | |
| 245 | 1 | _aEstudo do camarao-verdadeiro (Penaeus schmitti Burkenroad, 1936)capturado na colonia de pescadores da Praia da Rosa, Ilha do Governador, Rio de Janeiro, 2: Pico de desova | |
| 246 | 1 | _aStudy of the true shrimp (Penaeus schmitti Burkenroad, 1936)captured in Colonia de Pescadores, Praia da Rosa, Ilha do Governador, Rio de Janeiro, 2: Spawing peak | |
| 650 | _aCAMARAO | ||
| 650 | _aDESOVA | ||
| 650 | _aRIO DE JANEIRO | ||
| 773 | 0 |
_tArquivos Fluminenses de Medicina Veterinaria (Brazil) _xISSN 0102-7794 _g(Jul-dec 1986), v. 1(2) p. 53-55 _wBR8803378 |
|
| 909 |
_a202311 _bLúcia _c55 _dLúcia Elande |
||
| 942 |
_2AGRIS _n0 _cANA |
||
| 999 |
_c123294 _d123294 |
||